El currículum: una reflexión sobre la práctica

Պահպանված է:
Մատենագիտական մանրամասներ
Հիմնական հեղինակ: Gimeno Sacristán, José (autor)
Ձևաչափ: Գիրք
Լեզու:իսպաներեն
Հրապարակվել է: Madrid, España: Morata, 1989
Շարք:Colección Pedagogía Manuales
Խորագրեր:
Ցուցիչներ: Ավելացրեք ցուցիչ
Չկան պիտակներ, Եղեք առաջինը, ով նշում է այս գրառումը!

MARC

LEADER 00000nam a2200000 a 4500
001 UCW5643
003 CL-VaPUC
005 20230705115623.0
008 910715e19890000SP |||||||||||||||||spa|d
999 |c 218997  |d 218995 
020 |a 978-84-7112-326-8 
040 |c Pontificia Universidad Católica de Valparaíso 
082 0 4 |a 375 GIM 1988  |2 21 
100 |a Gimeno Sacristán, José  |e autor  |9 814227 
245 1 3 |a El currículum: una reflexión sobre la práctica 
260 |a Madrid, España:  |b Morata,  |c 1989 
300 |a 423 páginas 
490 0 |a Colección Pedagogía Manuales 
583 |a last modification  |c 19910715 00:00:00  |k Rodrigo Vera 
650 0 |a Educación  |9 258661 
650 0 |a Currículo  |9 307290 
650 0 |a Planificación del currículo  |9 269599 
852 |a BIBCUR 
942 |c BK  |2 ddc 
945 |d 19910715 00:00:00 
952 |0 0  |1 0  |2 ddc  |4 0  |6 375_000000000000000_GIM_1988  |7 0  |8 A  |9 209420  |a BIBEDU  |b BIBEDU  |d 2019-11-15  |i 2772930  |o 375 GIM 1988  |p 2772930  |r 2019-11-15  |t 1  |w 2019-11-15  |y BK  |k EDU 
952 |0 0  |1 0  |2 ddc  |4 0  |6 375_000000000000000_GIM_1988  |7 0  |8 A  |9 562197  |a BIBEDU  |b BIBEDU  |d 2020-03-30  |i 5618282  |l 2  |o 375 GIM 1988  |p 5618282  |r 2022-06-20  |s 2022-04-21  |t 2  |w 2020-03-30  |y BK  |k EPE 
952 |0 0  |1 0  |2 ddc  |4 0  |6 375_000000000000000_GIM_1988  |7 0  |8 A  |9 576977  |a BIBTEO  |b BIBTEO  |d 2020-11-23  |e 3  |g 26818.00  |i 5578132  |o 375 GIM 1988  |p 5578132  |r 2025-01-17  |t 4  |v 26818.00  |w 2020-11-23  |y BK  |k ICR